On This Day: July 27th II Quiz Stats

 Plays Quiz Updated Jul 27, 2018

Score 0/7 Timer 03:00
0 Plays Today
Question Answer Wrong Answers
A memorial to veterans of this war, fought from 1950-1953, is dedicated in Washington, D.C.
1995
Korean War
87.4%
Vietnam War
8.9%
World War II
2%
First Indochina War
0.8%
With the Democrats having already nominated John F. Kennedy, this vice president and former senator is overwhelmingly selected as the Republican nominee for President of the United States.
1960
Richard Nixon
79%
Barry Goldwater
13.6%
John D. Rockefeller
5%
Ronald Reagan
2%
The Department of Foreign Affairs, the first US federal agency, is established. It is now known by this name.
1789
Department of State
76.2%
Department of Defense
9.8%
Department of Justice
1.9%
Department of Homeland Security
12%
This Dutch Post-Impressionist painter shoots himself in the chest (he would die from the injury two days later).
1890
Vincent van Gogh
67%
Paul Gauguin
15.7%
Paul Cézanne
8.5%
Henri Matisse
8.7%
This former Mariner, Ranger, and Yankee shortstop and third baseman, who retired with 696 home runs but with a legacy tainted by admitted steroid use, is born.
1975
Alex Rodriguez
56.4%
Ken Griffey Jr.
6.3%
Barry Bonds
26.6%
Sammy Sosa
9.9%
The London Summer Olympics begin with an opening ceremony directed by this English filmmaker known for ‘Trainspotting’ and ‘Slumdog Millionaire.’
2012
Danny Boyle
53.5%
Guy Ritchie
15.8%
Ridley Scott
15.4%
Christopher Nolan
14.1%
This embattled political figure submits his resignation as Donald Trump’s chief of staff, ending the shortest non-interim tenure in the position in American history.
2017
Reince Priebus
31.3%
John Kelly
12.1%
Anthony Scaramucci
52.3%
Andrew Card
3%

You're not logged in!

Compare scores with friends on all Sporcle quizzes.
OR
Log In

Sporcle TV

Today on Sporcle TV


Watch our educational content, quiz creation guides, and fun videos on Sporcle TV.

Show Comments

Extras

Top Quizzes Today


Score Distribution

Your Account Isn't Verified!

In order to create a playlist on Sporcle, you need to verify the email address you used during registration. Go to your Sporcle Settings to finish the process.

Report this User

Report this user for behavior that violates our Community Guidelines.

Details: